Countries with Arabic as Official Language - Statistics

General Stats
  • This quiz has been taken 17 times
  • The average score is 21 of 23
Answer Stats
Continent # Country % Correct
Africa 2 Algeria
100%
Africa 1 Egypt
100%
Africa 1 Libya
100%
Africa 2 Morocco
100%
Asia 1 Oman
100%
Asia 1 Saudi Arabia
100%
Africa 2 Sudan
100%
Africa 1 Tunisia
100%
Asia 1 UAE
100%
Asia 1 Yemen
100%
Asia 1 Bahrain
93%
Asia 2 Iraq
93%
Asia 1 Jordan
93%
Asia 1 Lebanon
93%
Asia 1 Qatar
93%
Asia 1 Syria
93%
Asia 1 Kuwait
86%
Africa 1 Mauritania
86%
Africa 13 Mali
79%
Africa 2 Somalia
79%
Africa 2 Chad
71%
Africa 3 Comoros
71%
Africa 2 Djibouti
64%
No matching quizzes found
Score Distribution
Percent of People with Each Score
Percentile by Number Answered
Your Score History
You have not taken this quiz